000 00753nam a2200205Ii 4500
003 JO-AjNU
008 230605s9999||||xx |||||||||||||| ||und||
040 _aJO-AjNU
_bara
_erda
_cJO-AjNU
041 _aara
050 1 4 _ak301.2010
100 3 _aتأليف عتلم، شريف ؛ م.مشارك خالد غازي,
_eauthor
_953139
245 0 0 _aدليل تدريب القضاة على أحكام القانون الدولي الإنساني
250 _aط2
264 3 1 _aد ، م : اللجنة الدولية للصليب الأحمر، 2010
300 _a168ص
336 _atext
_btxt
_2rdacontent
337 _aunmediated
_bn
_2rdamedia
338 _avolume
_bnc
_2rdacarrier
650 4 _aالقانون الدولي الإنساني
_953140
999 _aA23582
_c27150
_d27150